El sistema guatemalteco de áreas protegidas : (Registro nro. 8707)
[ vista simple ]
| 000 -CABECERA | |
|---|---|
| Campo de control | 00911nam a22002177a 4500 |
| 005 - FECHA Y HORA DE LA ULTIMA TRANSACCION | |
| Campo de control | 20140915132123.0 |
| 008 - ELEMENTOS DE LONGITUD FIJA—INFORMACION GENERAL | |
| Campo de control | 140915b2011 gt |||||r|||| 00| 0 spa d |
| 041 ## - IDIOMA | |
| Código de idioma para texto/pista de sonido o título separado | Español |
| 044 ## - PAÍS DE PUBLICACIÓN | |
| País de publicación | Guatemala |
| 082 ## - NUMERO DE CLASIFICACION DECIMAL DEWEY | |
| Número de clasificación | 333.7272 |
| Número del ítem | C74s |
| 100 1# - ASIENTO PRINCIPAL--NOMBRE PERSONAL | |
| Nombre personal | Ariano, Daniel |
| 245 13 - MENCION DE TITULO | |
| Título | El sistema guatemalteco de áreas protegidas : |
| Parte restante del título | base fundamental para el bienestar de la sociedad guatemalteca |
| Mención de responsabilidad | Daniel Ariano y Luis Alvarado |
| 260 ## - PUBLICACION, DISTRIBUCION, ETC. (PIE DE IMPRENTA) | |
| Lugar de publicación, distribución, etc. | Guatemala, |
| Nombre del editor, distribuidor, etc. | Consejo Nacional de Areas Protegidas - Conap |
| Fecha de publicación, distribución, etc. | 2011 |
| 300 ## - DESCRIPCION FISICA | |
| Extensión | 360 p. |
| Otros detalles físicos | fot. (col) |
| Dimensiones | 30 cm. + |
| Material acompañante | 1 mapa CID-034383 |
| 500 ## - NOTA GENERAL | |
| Nota general | Incluye mapa CID-034383, Sistema guatemalteco de áreas protegidas. Mapa de ecorregiones de Guatemala. Mapa de ríos y cuencas de Guatemala |
| 546 ## - NOTA DE IDIOMA | |
| Nota de idioma | Algunos textos en inglés |
| 650 #4 - ASIENTO SECUNDARIO DE MATERIA - TERMINO TEMATICO | |
| Término temático o nombre geográfico como elemento de entrada | Aras protegidas |
| Subdivisión geográfica | Guatemala |
| 700 1# - ASIENTO SECUNDARIO - NOMBRE PERSONAL | |
| Nombre personal | Alvarado, Daniel |
| 700 1# - ASIENTO SECUNDARIO - NOMBRE PERSONAL | |
| Nombre personal | Aguilar, Alejandra |
| Término de relación | tr. |
| 942 ## - ELEMENTOS ADICIONALES (KOHA) | |
| Sistema de clasificación | Dewey Decimal Classification |
| Tipo de ítem | Libro |
| Withdrawn status | Lost status | Sistema de Clasificación | Damaged status | No para préstamo | Colección | Ubicación Permanente | Ubicación actual | Fecha de adquisición | Total Checkouts | Número topográfico | Inventario / Código de Barras | Date last seen | Ejemplar | Price effective from | Forma de adquisición | Tipo de material |
|---|---|---|---|---|---|---|---|---|---|---|---|---|---|---|---|---|
| Dewey Decimal Classification | General | Bogotá | Bogotá | 15/09/2014 | LB-333.7272 C74s | 034382 | 15/09/2014 | Ej. 1 | 15/09/2014 | Libro |